000
00331nam a22001337a 4500
008
170620b xxu||||| |||| 00| 0 eng d
020
_a
9780538213608
041
_a
eng
080
_a
338
100
_a
20
101
_a
SHP
245
_a
CITIES CHNAGE AND CONFLICT A POLITICAL OF URBAN LIFE
_c
KLENIEWSKY.N
942
_2
udc
_c
BK
999
_c
18202
_d
18202